[Event "3rd Memorial Warakomska 2019"]
[Site "Suwalki"]
[Date "2019.08.05"]
[Round "1.11"]
[White "Sadzikowski, Daniel"]
[Black "Kiolbasa, Oliwia"]
[Result "1-0"]
[WhiteElo "2503"]
[BlackElo "2239"]
[Annotator "RC"]
[PlyCount "113"]
[EventDate "2019.08.05"]
[EventType "swiss"]
[EventCountry "POL"]
[TimeControl "40/5400+30:1800+30"]

1. c4 {[%emt 0:00:08]} b6 {[%emt 0:00:00]} 2. d4 {[%emt 0:00:59]} Nf6 {[%emt 0:00:00]} 3. Nc3 {[%emt 0:01:30]} Bb7 {[%emt 0:00:06]} 4. Qc2 {[%emt 0:00:35]} d5 {[%emt 0:00:15]} 5. cxd5 {[%emt 0:00:10]} Nxd5 {[%emt 0:00:07]} 6. Nf3 {[%emt 0:00:11]} e6 {[%emt 0:01:23]} 7. e4 {[%emt 0:00:23]} Nxc3 {[%emt 0:00:09]} 8. bxc3 {[%emt 0:00:02]} Be7 {[%emt 0:00:40]} 9. Bb5+ {[%emt 0:00:24]} c6 {[%emt 0:00:12]} 10. Bd3 {[%emt 0:00:02]} c5 {[%emt 0:00:40]} 11. O-O {[%emt 0:00:39]} cxd4 {[%emt 0:00:34]} 12. cxd4 {[%emt 0:00:03]} O-O {[%emt 0:00:24]} 13. Bb2 {[%emt 0:00:09]} Nc6 {[%emt 0:02:46]} 14. a3 {[%emt 0:03:46]} Rc8 {[%emt 0:00:41]} 15. Qe2 {[%emt 0:00:18]} Na5 {[%emt 0:01:42]} 16. Rad1 {[%emt 0:18:41]} Bf6 {[%emt 0:07:23]} 17. g3 {[%emt 0:20:22]} Rc7 {[%emt 0:08:31]} 18. h4 {[%emt 0:01:28]} Qa8 {[%emt 0:14:57]} 19. h5 {[%emt 0:05:31]} Rd8 {[%emt 0:05:06]} 20. h6 {[%emt 0:02:12]} gxh6 {[%emt 0:08:57]} 21. d5 {[%emt 0:02:08]} Bxb2 {[%emt 0:01:55]} 22. Qxb2 {[%emt 0:00:10]} exd5 {[%emt 0:00:17]} 23. Nd4 {[%emt 0:13:31]} Nc4 {[%emt 0:11:45]} 24. Bxc4 {[%emt 0:01:11]} dxc4 {[%emt 0:00:10]} 25. Nf5 {[%emt 0:03:43]} c3 {[%emt 0:00:15]} 26. Qe2 {[%emt 0:15:35]} f6 {[%emt 0:20:59]} 27. Qg4+ {[%emt 0:05:15]} Kh8 {[%emt 0:02:31]} 28. Qf4 {[%emt 0:01:08]} Rf7 {[%emt 0:04:19]} 29. Nd6 {[%emt 0:01:08]} Rxd6 {[%emt 0:01:05]} 30. Rxd6 {[%emt 0:00:36]} Qf8 {[%emt 0:00:40]} 31. Rc1 {[%emt 0:00:42]} Bxe4 {[%emt 0:01:35]} 32. Rxc3 {[%emt 0:00:20]} Kg7 {[%emt 0:03:17]} 33. Rd4 {[%emt 0:00:50]} Bg6 {[%emt 0:00:24]} 34. Rdc4 {[%emt 0:01:18]} Qe7 {[%emt 0:00:38]} 35. Rc7 {[%emt 0:00:32]} Qe1+ {[%emt 0:01:32]} 36. Kh2 {[%emt 0:00:03]} h5 {[%emt 0:00:46]} 37. R3c6 {[%emt 0:01:50]} Qa1 {[%emt 0:01:17]} 38. Rxf7+ {[%emt 0:00:41]} Bxf7 {[%emt 0:00:02]} 39. Rd6 {[%emt 0:00:39]} Qb2 {[%emt 0:00:26]} 40. g4 {[%emt 0:00:00]} hxg4 {[%emt 0:00:00]} 41. Qxg4+ {[%emt 0:02:08]} Kh6 {[%emt 0:09:24]} 42. Qf4+ {[%emt 0:02:53]} Kg7 {[%emt 0:01:40]} 43. Qg3+ {[%emt 0:01:14]} Kh6 {[%emt 0:02:08]} 44. Rd7 {[%emt 0:00:21]} Qb3 {[%emt 0:00:12]} 45. Rxa7 {[%emt 0:04:05]} Qxg3+ {[%emt 0:00:49]} 46. Kxg3 {[%emt 0:00:15]} Bc4 {[%emt 0:00:03]} 47. Rc7 {[%emt 0:00:05]} Bd3 {[%emt 0:03:56]} 48. Rc6 {[%emt 0:00:20]} b5 {[%emt 0:00:04]} 49. Rxf6+ {[%emt 0:00:28]} Kg5 {[%emt 0:00:06]} 50. Rd6 {[%emt 0:00:06]} Bc4 {[%emt 0:00:23]} 51. Rc6 {[%emt 0:01:27]} Be2 {[%emt 0:00:17]} 52. Rc5+ {[%emt 0:00:21]} Kf6 {[%emt 0:00:03]} 53. Kf4 {[%emt 0:00:09]} h5 {[%emt 0:00:04]} 54. Rc6+ {[%emt 0:00:10]} Ke7 {[%emt 0:00:50]} 55. Kg5 {[%emt 0:00:05]} Kd7 {[%emt 0:00:26]} 56. Rh6 {[%emt 0:00:15]} Bf3 {[%emt 0:00:19]} 57. Rf6 {[%emt 0:00:04]} 1-0

[Event "3rd Memorial Warakomska 2019"]
[Site "Suwalki"]
[Date "2019.08.05"]
[Round "1.12"]
[White "Mulet, Piotr"]
[Black "Matviishen, Viktor"]
[Result "1/2-1/2"]
[WhiteElo "2244"]
[BlackElo "2495"]
[Annotator "TA"]
[PlyCount "79"]
[EventDate "2019.08.05"]
[EventType "swiss"]
[EventCountry "POL"]
[SourceTitle "playchess.com"]
[Source "ChessBase"]
[SourceQuality "1"]

{[%evp 29,79,-8,8,8,11,6,6,20,20,0,0,0,0,0,0,0,0,0,0,0,37,27,45,0,170,159,159,152,167,160,141,155,152,156,155,142,156,156,134,139,235,243,253,240,252,0,0,0,230,0,8,0]} 1. e4 c5 2. c3 d5 3. exd5 Qxd5 4. d4 Nf6 5. Nf3 Bg4 6. Be2 cxd4 7. cxd4 e6 8. O-O Nc6 9. h3 Bh5 10. Nc3 Qd6 11. a3 Be7 12. Be3 O-O 13. Rc1 Rfd8 14. Qb3 a6 15. Rfd1 b5 16. d5 {B22: Sicilian: 2 c3} (16. a4 b4 17. Na2 Na5 18. Qd3 Bg6 19. Qd2 Nb3 20. Qe1 Nxc1 21. Rxc1 Be4 22. Ne5 Bd5 23. Ra1 Rac8 {0-1 (34) Kharlov,A (2604)-Shipov,S (2588) chessassistantclub.com INT 2004}) 16... Na5 17. Qa2 Nxd5 18. Nxd5 exd5 19. Rc5 {[%cal Rd1d5]} Nc4 20. Rdxd5 Qxd5 21. Rxd5 Rxd5 22. Bxc4 bxc4 23. g4 Bg6 $146 ({Predecessor:} 23... Rd1+) 24. Qxc4 Rad8 25. Nd4 {Threatens to win with Nc6.} Bf6 {[%cal Rf6d4]} 26. Nc6 (26. Nf5 $5) 26... Rd1+ $2 (26... R8d7 $11) 27. Kh2 $1 $18 Re8 28. g5 $1 $36 {[%cal Rg5f6][%mdl 2048] White is on the roll.} Bd8 29. Nxd8 Rexd8 30. Qxa6 Be4 31. b4 h5 {( -> ...h4)} 32. gxh6 Rh1+ 33. Kg3 {Hoping for hxg7.} Rg1+ 34. Kf4 $1 {[%cal Rf4e4]} Re8 (34... Rg6 $16 35. Qa5 Re8) 35. hxg7 {Strongly threatening Qb5.} Rg6 36. Qc4 Rf6+ {[#]} 37. Kg3 $2 ({Only move:} 37. Kg4 $1 $18) 37... Rg6+ $11 38. Kf4 $2 (38. Kh4 $11) 38... Rf6+ $1 $18 {[#]} 39. Kg3 $2 ({White has to play} 39. Kg4 $1 $18) 39... Rg6+ $11 40. Kf4 {Accuracy: White = 71%, Black = 69%.} 1/2-1/2

[Event "3rd Memorial Warakomska 2019"]
[Site "Suwalki"]
[Date "2019.08.05"]
[Round "1.13"]
[White "Warakomski, Tomasz"]
[Black "Kubicka, Anna"]
[Result "0-1"]
[WhiteElo "2497"]
[BlackElo "2202"]
[Annotator "TA"]
[PlyCount "76"]
[EventDate "2019.08.05"]
[EventType "swiss"]
[EventCountry "POL"]
[SourceTitle "playchess.com"]
[Source "ChessBase"]
[SourceQuality "1"]

{[%evp 19,76,-1,-8,0,-6,-7,-8,-2,-22,-18,-14,-12,-19,-43,0,0,0,4,28,22,60,0,0,0,0,0,0,-78,-68,-100,-92,-112,-102,-127,0,-221,-229,-375,-376,-527,-530,-682,-683,-779,-714,-704,-724,-683,-723,-677,-671,-621,-535,-844,-600,-643,-642,-613,-522]} 1. e4 c5 2. Nf3 d6 3. d4 cxd4 4. Nxd4 Nf6 5. Nc3 a6 6. f4 e5 7. Nf3 Nbd7 8. a4 Qc7 9. Bd3 Be7 10. O-O O-O 11. Qe2 {B93: Sicilian Najdorf: 6 f4} Nc5 12. Bd2 $146 ({Predecessor:} 12. Bc4 Bd7 13. fxe5 dxe5 14. Bg5 Nxa4 15. Nxa4 b5 16. Bxf6 Bxf6 17. Bd5 bxa4 18. Bxa8 Rxa8 {½-½ (27) Smirin,I (2663)-Zhou,J (2601) Arlington 2015}) 12... Bd7 13. b4 {The position is equal.} Nxd3 14. cxd3 exf4 15. Rac1 Qb6+ 16. Kh1 Rfe8 17. a5 Qd8 18. Bxf4 d5 19. e5 Nh5 20. Nxd5 (20. Bd2 $1 $14) 20... Nxf4 $11 21. Nxf4 Bxb4 22. Qe4 Ba3 23. Rc3 (23. Ra1 $11 Bc6 24. Qe3) 23... Bc6 $1 $17 {[%cal Rc6e4]} ({Avoid the trap} 23... Qxa5 $2 {[#]} 24. Ng5 $1 $18 {[%mdl 512]}) 24. Rxc6 bxc6 25. d4 Rc8 26. Qd3 Bb2 ({Better is} 26... Bb4 $17 27. h3 Bxa5) 27. e6 $2 {[#]} (27. Nh5 $1 $11 {and White has nothing to worry.}) 27... fxe6 $19 28. Qe2 (28. h4 {keeps fighting.} Qxa5 29. Ng5) 28... Bxd4 29. Nxe6 (29. Rd1 {was called for.} e5 30. Qxa6) 29... Bf6 {Threatens to win with ...Qd5.Black is clearly winning.} 30. Re1 Qd5 31. Qxa6 Qb5 32. Qa7 Re7 33. Qg1 Qxa5 34. Nf4 Rxe1 35. Nxe1 Re8 36. Ned3 Qa1 37. Qxa1 Bxa1 38. g3 Bd4 {Accuracy: White = 42%, Black = 75%.} 0-1

[Event "3rd Memorial Warakomska 2019"]
[Site "Suwalki"]
[Date "2019.08.05"]
[Round "1.14"]
[White "Czopor, Maciej"]
[Black "Zakhartsov, Vladimir"]
[Result "0-1"]
[WhiteElo "2250"]
[BlackElo "2493"]
[Annotator "TA"]
[PlyCount "76"]
[EventDate "2019.08.05"]
[EventType "swiss"]
[EventCountry "POL"]
[SourceTitle "playchess.com"]
[Source "ChessBase"]
[SourceQuality "1"]

{[%evp 19,76,12,74,40,39,-33,-8,-22,-16,-42,-34,-68,-6,-49,-49,-51,-60,-48,-40,-56,-52,-118,-116,-108,-112,-113,-84,-110,-62,-54,-14,-82,-74,-61,-57,-205,-211,-330,-319,-355,-362,-345,-349,-389,-372,-375,-383,-368,-366,-474,-469,-460,-445,-567,-548,-547,-512,-698,-683]} 1. e4 c5 2. Nf3 d6 3. d4 cxd4 4. Nxd4 Nf6 5. Nc3 a6 6. Be3 Ng4 7. Bg5 h6 8. Bh4 g5 9. Bg3 Bg7 10. Be2 Ne5 (10... h5 $11 {keeps the balance.}) 11. Qd2 {B90: Sicilian Najdorf: Unusual White 6th moves, 6 Be3 Ng4 and 6 Be3 e5} (11. O-O Nbc6 12. Nf5 Bxf5 13. exf5 O-O 14. Nd5 e6 15. fxe6 fxe6 16. Ne3 d5 17. Bh5 Qb6 18. Rb1 Rad8 {0-1 (61) Akopian,V (2675)-Nepomniachtchi,I (2767) Doha 2016}) 11... Nbc6 {aiming for ...Nxd4.} 12. Nf5 ({Better is} 12. O-O-O $14) 12... Bxf5 $1 $15 13. exf5 {[#]The position is equal.} (13. Bxe5 $5 Bxe5 14. exf5 $15) 13... Nd4 $1 {[%mdl 512]} 14. f4 $146 (14. Qxd4 $2 Nf3+ 15. Bxf3 Bxd4 $19) ({Predecessor:} 14. Bxe5 Bxe5 15. Bd3 Qa5 16. Be4 Rc8 17. Nd5 Qxd2+ 18. Kxd2 e6 {1-0 (64) Papadopoulos,I (2414)-Moutousis,K (2421) Porto Rio 2014}) 14... gxf4 15. Bxf4 Qc8 ({Black should play} 15... Rc8 $15) 16. O-O-O ({Don't go for} 16. Qxd4 $2 Nf3+ 17. Bxf3 Bxd4 $19) 16... Nxe2+ ({Reject} 16... Nxf5 17. Rhf1 $11) 17. Qxe2 Qxf5 18. Rhf1 Rc8 19. Kb1 Qe6 20. Bc1 (20. Rfe1 $15) 20... Nc4 21. Qxe6 fxe6 22. Ne2 Kd7 23. Nf4 Rc6 {White must now prevent ...Na3+!} 24. b3 Rhc8 25. Nh5 (25. Rfe1 $11) 25... Bh8 26. Rf2 d5 27. a4 (27. Re2 $1 $15) 27... Nd6 $19 {...Ne4 is the strong threat.} 28. Re2 {[#]} (28. Ng3 {is a better defense.}) 28... b5 $1 {[%cal Bb7b5,Bb5b4][%mdl 32]} 29. a5 {[#]} b4 $1 30. Bb2 Nb5 31. Rd3 Nc3+ 32. Bxc3 Bxc3 ({Don't take} 32... Rxc3 33. Nf4 $19) 33. Ng3 Ke8 34. Ree3 Bf6 {Black is clearly winning.} 35. Re2 Rc5 36. Nh5 Bh8 37. Kc1 Rxa5 38. Rg3 Bc3 {Accuracy: White = 29%, Black = 83%.} 0-1

[Event "3rd Memorial Warakomska 2019"]
[Site "Suwalki"]
[Date "2019.08.05"]
[Round "1.15"]
[White "Pavlov, Sergey"]
[Black "Antolak, Julia"]
[Result "1/2-1/2"]
[WhiteElo "2486"]
[BlackElo "2258"]
[Annotator "TA"]
[PlyCount "81"]
[EventDate "2019.08.05"]
[EventType "swiss"]
[EventCountry "POL"]
[SourceTitle "playchess.com"]
[Source "ChessBase"]
[SourceQuality "1"]

{[%evp 22,81,32,31,37,22,24,13,62,52,56,27,30,40,34,45,117,11,13,8,15,0,0,0,0,0,0,0,0,0,0,0,0,-9,0,0,0,0,0,0,0,0,0,0,0,0,0,-8,17,17,18,0,0,0,28,9,9,0,0,0,0,0]} 1. Nf3 c5 2. c4 Nf6 3. Nc3 Nc6 4. e3 e6 5. d4 d5 6. a3 a6 7. dxc5 Bxc5 8. b4 Be7 9. Bb2 O-O 10. cxd5 exd5 11. Be2 Bg4 12. O-O Qd7 {D40: Queen's Gambit Declined: Semi-Tarrasch with 5 e3} 13. Na4 $146 {Strongly threatening Nb6.} ({Predecessor:} 13. Rc1 Rad8 14. Na4 Ne4 15. Nd4 Bxe2 16. Nxe2 Qf5 17. Nd4 Nxd4 18. Qxd4 Bf6 19. Qd3 Bxb2 20. Nxb2 {½-½ (55) Cifuentes Parada,R (2506)-Westerinen,H (2382) Hoogeveen 1999}) 13... Rad8 14. Nc5 Qc7 (14... Bxc5 $5 15. Bxf6 Be7 $11) 15. Rc1 Ne4 16. Nxe4 dxe4 17. Nd4 Bxe2 18. Qxe2 {And now Nxc6 would win.} Bf6 {[#]} (18... Nxd4 $1 $14 19. exd4 (19. Rxc7 $2 {loses.} Nxe2+ 20. Kh1 Rd2 $19) (19. Bxd4 Qd7 $14) 19... Qf4) 19. Qc2 (19. Nxc6 $1 $16 Bxb2 20. Qxb2 bxc6 21. Qc2) 19... Bxd4 $11 20. Bxd4 Rfe8 21. Qc3 f6 22. Rfd1 Qf7 23. Bb6 Rxd1+ 24. Rxd1 h6 25. h3 Re5 26. Bc5 Rg5 27. Bd6 Rd5 28. Qb3 Rxd1+ 29. Qxd1 Qe6 30. Bf4 Kh7 31. Qh5 Qd7 32. Qc5 Ne7 33. Kh2 Nd5 34. Bg3 f5 35. Be5 Ne7 36. Bc3 Nd5 37. Be5 Ne7 38. Bb2 Nd5 {The position is equal.} 39. Qf8 {[#] Hoping for Bxg7!} Nb6 40. Bd4 Nc4 41. a4 {Accuracy: White = 51%, Black = 73%.} 1/2-1/2

[Event "3rd Memorial Warakomska 2019"]
[Site "Suwalki"]
[Date "2019.08.05"]
[Round "1.16"]
[White "Shpanko, Nadiia"]
[Black "Harsha Bharathakoti"]
[Result "1/2-1/2"]
[WhiteElo "2132"]
[BlackElo "2486"]
[Annotator "TA"]
[PlyCount "61"]
[EventDate "2019.08.05"]
[EventType "swiss"]
[EventCountry "POL"]
[SourceTitle "playchess.com"]
[Source "ChessBase"]
[SourceQuality "1"]

{[%evp 19,61,11,19,7,5,5,22,6,246,196,201,197,195,170,178,163,170,142,191,122,130,140,165,136,189,125,99,83,94,69,71,0,0,0,0,0,0,0,0,0,0,0,0,0]} 1. e4 c6 2. d4 d5 3. Nc3 dxe4 4. Nxe4 Nf6 5. Nxf6+ exf6 6. Nf3 Bd6 7. Be2 O-O 8. O-O Re8 9. Re1 Bg4 10. h3 Bh5 11. Nh4 {B15: Caro-Kann: 3 Nc3: 3...g6 and 3...dxe4 4 Nxe4 Nf6 5 Nxf6+ exf6} Bxe2 12. Rxe2 Nd7 (12... g6 13. Bh6 Nd7 14. Rxe8+ Qxe8 15. Qd2 Qe6 16. b3 Re8 17. Kf1 g5 18. Nf3 Qf5 {0-1 (35) Amer,S (2103)-Khenkin,I (2554) Riadh 2017}) 13. Nf5 $146 ({Predecessor:} 13. Nf3 Nb6 14. Qd3 Qd7 15. Rxe8+ Rxe8 16. Bd2 Bc7 17. Re1 Rxe1+ 18. Bxe1 Qe6 {½-½ (49) Barth,N (2208)-Roeder,F (2153) Bad Neustadt/Saale 2008}) 13... Bc7 $2 (13... Rxe2 $11 14. Qxe2 Bf8) 14. Rxe8+ Qxe8 {[#]} 15. Nxg7 $1 {[%mdl 512]} Qe4 (15... Kxg7 16. Qg4+) 16. Nh5 Kh8 17. g3 Rg8 18. Kh2 Re8 19. Bf4 (19. Be3 $18) 19... Bxf4 $16 20. Nxf4 Nb6 21. Nh5 Nc4 (21... Rd8 $16) 22. Rb1 ({Much less strong is} 22. Nxf6 $6 Qf5 $16) (22. b3 $18 Nb2 23. Qg4 (23. Nxf6 Qf5 $14 {[%mdl 64] Double Attack}) 23... Qxg4 24. hxg4) 22... Rd8 23. Nxf6 Qf5 24. Ng4 h5 25. Ne3 (25. Qd3 $16 Qxd3 26. cxd3) 25... Qxf2+ $11 {[%mdl 64] Double Attack. The position is equal.} 26. Ng2 Rxd4 27. Qxh5+ Kg7 28. Qg5+ Kh7 29. Qh5+ Kg7 30. Qg5+ Kh7 31. Qh5+ {Accuracy: White = 56%, Black = 56%.} 1/2-1/2

[Event "3rd Memorial Warakomska 2019"]
[Site "Suwalki"]
[Date "2019.08.05"]
[Round "1.17"]
[White "Janik, Igor"]
[Black "Jaroch, Karol"]
[Result "1-0"]
[WhiteElo "2495"]
[BlackElo "2221"]
[Annotator "TA"]
[PlyCount "203"]
[EventDate "2019.08.05"]
[EventType "swiss"]
[EventCountry "POL"]
[SourceTitle "playchess.com"]
[Source "ChessBase"]
[SourceQuality "1"]

{[%evp 10,203,8,9,14,13,14,0,53,16,12,16,20,14,14,21,31,17,26,18,20,0,7,0,13,0,6,15,22,22,19,0,0,-4,86,87,89,86,93,52,70,0,0,0,0,-31,-8,-66,-60,-51,73,74,75,75,142,139,131,21,21,20,24,24,24,0,0,0,57,52,53,53,53,12,10,0,53,53,53,53,53,53,60,28,47,50,47,46,48,48,56,50,64,62,80,80,80,80,80,80,99,91,107,87,96,96,106,96,100,84,83,83,125,91,125,125,125,125,125,124,125,12,90,87,116,122,155,103,112,58,66,62,73,52,77,71,212,243,241,243,241,240,232,239,232,222,208,215,198,208,253,252,347,260,252,253,252,236,315,252,252,252,252,252,252,235,476,491,632,486,641,633,682,667,495,439,1284,1284,29967,29968,29970,29974,29983,811,6422,5093,29959,29965,4627,29966,5622,5927,2829,2743,29982,29981,29985,29986]} 1. d4 e6 2. c4 Nf6 3. g3 Bb4+ 4. Nd2 O-O 5. Bg2 d5 6. Ngf3 Re8 {E01: Catalan: Early deviations} (6... b6 7. O-O Bb7 8. a3 Be7 9. cxd5 exd5 10. b4 a5 11. b5 c6 12. bxc6 Nxc6 13. Bb2 b5 14. e3 a4 15. Qb1 Qb6 16. Rc1 Rfc8 17. Ne5 h6 {1-0 (48) So,W (2780)-Vidit,S (2718) chess.com INT 2018}) 7. O-O Nbd7 8. Qc2 Bf8 (8... c5 $11) 9. Rd1 c5 $146 ({Predecessor:} 9... c6 10. e4 dxe4 11. Ng5 e3 12. fxe3 h6 13. Ngf3 e5 14. b3 {0-1 (34) Seliverstov,V (2462)-Korovin,M (2311) Moscow 2018}) 10. dxc5 Nxc5 11. b4 Ncd7 12. a3 a5 13. Rb1 axb4 14. axb4 b6 15. e4 Qc7 16. Bb2 $36 {[%mdl 2048] And now e5 would win. White has the initiative.} Bb7 $1 {[%cal Rd5e4]} 17. e5 Ng4 {[%cal Rd7e5]} 18. Qc3 Rec8 {[%cal Rd5c4]} 19. Rbc1 {Black should prevent Qd4.} Qd8 20. Qd4 Nh6 21. Nh4 {[%cal Rc4d5]} Ra4 (21... Bxb4 $11 {remains equal.} 22. cxd5 Rxc1 23. Bxc1 (23. Rxc1 Bc5 $15) 23... Bc5) 22. Bc3 $1 $16 {[%cal Rc4d5]} (22. cxd5 $6 Rxc1 23. Rxc1 Rxb4 $11) 22... Nb8 {Black wants to play ...Nc6.} 23. cxd5 Bxd5 24. Bxd5 Qxd5 25. Qxb6 (25. Qxd5 $14 exd5 26. Ndf3) 25... Nd7 $11 26. Qe3 Ng4 {[%mdl 64] Double Attack} 27. Qe2 Ngxe5 28. Nf1 ({White should try} 28. Ndf3 $11 Ra2 29. Rxd5 Rxe2 30. Rdd1) 28... Ra2 $15 29. Qh5 g6 (29... Qe4 $1 $15 {keeps the upper hand.} 30. Nd2 (30. Bxe5 $2 Rxc1 31. Rxc1 Nxe5 $19) 30... Qb7) 30. Rxd5 gxh5 31. Bxe5 {[%mdl 64] Discovered Attack} Nxe5 32. Rxc8 exd5 33. Rd8 (33. Ne3 $1 $16) 33... Nc6 $11 34. Rxd5 Nxb4 35. Rg5+ Kh8 36. Rxh5 Nd3 37. Rf5 Bc5 (37... Nxf2 $11 38. Ne3 (38. Rxf7 Bc5 $11) 38... Bh6) 38. Ne3 $14 Bxe3 39. fxe3 {[%mdl 4096] Endgame KRN-KRN} Kg7 40. Rg5+ Kf6 41. Rf5+ Kg7 $1 42. Rf1 Ne5 43. h3 Nc4 44. Nf5+ Kg6 45. g4 Re2 46. Rf4 Ne5 47. Nh4+ Kg7 48. Ng2 Nd3 49. Rf1 f6 50. Kh2 Ra2 51. Kg3 Nc5 52. Rf4 Ne6 53. Re4 (53. Rb4 {is more complex.} Ra3 54. Rb7+ Kg8 55. Re7 Nf8 56. Rc7) 53... Kf7 54. Rb4 Ra7 55. Nh4 Ng7 56. Rb5 Re7 57. Kf3 Ra7 58. Ng2 Ne6 59. h4 Rc7 60. Ne1 Nc5 61. Nc2 Nd7 62. Nd4 Ne5+ 63. Kg3 Rc1 64. Nf5 ({White should play} 64. Rb7+ $16 Kf8 65. Rxh7) 64... Rg1+ (64... Kg6 $11) 65. Kf2 Rh1 66. Rb7+ Kf8 67. Kg2 (67. Nh6 $142 $1) 67... Re1 68. g5 (68. Rb4 $16) 68... fxg5 69. hxg5 Nc4 70. Kf3 ({Much weaker is} 70. Rxh7 Nxe3+ 71. Kf2 Rf1+ 72. Ke2 Rxf5 $11) 70... Rh1 71. Rc7 Ne5+ (71... Rf1+ $16 {is a better defense.} 72. Ke4 Rc1) 72. Ke4 $18 Ng6 {[#]} 73. Kd5 $1 {[%cal Rd5e6] Black must now prevent Ke6.} Ra1 74. Rxh7 Ra5+ 75. Ke6 {Threatens to win with Rf7+.} Ra6+ 76. Nd6 {Rd7 is the strong threat.} Kg8 77. Rb7 Nf8+ {[#]} 78. Ke5 $1 Ra5+ 79. Nb5 Ra1 80. Nd4 Rg1 81. Nf3 Rf1 82. Ke4 Rf2 83. Kf4 Ne6+ 84. Kg3 Re2 85. Rb3 Kg7 86. Kg4 Rf2 $2 (86... Kf7 {keeps fighting.} 87. Ra3 Ke7) 87. Rb6 Nc5 88. Rc6 Nd3 {intending ...Rxf3.} 89. Rc7+ Kg8 90. Rc3 Nb2 91. e4 Na4 (91... Nd1 $142) 92. Rc8+ Kg7 93. Rc7+ Kg8 94. Nd4 Nb2 95. Rc3 (95. Ne6 $142 Nd3 96. g6 Rg2+ 97. Kh5 Rh2+ 98. Kg5 Rg2+ 99. Kf6 Rf2+ 100. Ke7) 95... Nd1 96. Rc8+ Kf7 97. Rc7+ Ke8 98. g6 Rg2+ 99. Kf5 Ne3+ 100. Kf6 Rf2+ 101. Ke6 {[%cal Rc7c8]} Kf8 102. Nf5 {Accuracy: White = 60%, Black = 39%.} 1-0

[Event "3rd Memorial Warakomska 2019"]
[Site "Suwalki"]
[Date "2019.08.05"]
[Round "1.18"]
[White "Dzhuguryan, Tygran"]
[Black "Karthik Venkataraman"]
[Result "0-1"]
[WhiteElo "2230"]
[BlackElo "2480"]
[Annotator "TA"]
[PlyCount "84"]
[EventDate "2019.08.05"]
[EventType "swiss"]
[EventCountry "POL"]
[SourceTitle "playchess.com"]
[Source "ChessBase"]
[SourceQuality "1"]

{[%evp 10,84,6,4,23,8,23,20,66,52,40,42,67,60,101,103,120,112,96,99,112,97,135,33,54,52,44,53,45,45,77,68,64,51,60,37,36,35,40,45,28,4,16,23,25,21,32,-18,-10,-87,-12,-23,31,-12,-20,-99,-49,-500,-481,-463,-489,-523,-523,-523,-520,-512,-516,-489,-483,-479,-458,-459,-458,-586,-586,-579,-570]} 1. c4 e5 2. Nc3 Bb4 3. g3 Bxc3 4. bxc3 Nc6 5. Bg2 Nf6 6. e4 d6 {A25: English Opening vs King's Indian with ...Nc6 but without early d3} 7. d3 a6 $146 (7... O-O 8. Nf3 Bd7 9. O-O Qc8 10. Rb1 Rb8 11. Nh4 Bh3 12. f4 Bxg2 13. Kxg2 Qg4 14. Qc2 Qd7 15. Qe2 Ne7 16. fxe5 dxe5 17. Ba3 {0-1 (29) Khismatullin,D (2623)-Goryachkina,A (2486) Kolomna 2016}) 8. a4 {[%cal Ba2a4,Ba4a5][%mdl 32]} Nd7 {The position is equal.} 9. a5 O-O 10. Nf3 Nc5 11. Nh4 Ne7 12. d4 Nd7 13. O-O b5 14. Bg5 bxc4 15. Qa4 h6 16. Be3 (16. Bxe7 $1 $16 Qxe7 17. Qxc4) 16... Nf6 17. dxe5 dxe5 18. Rfd1 Bd7 19. Qxc4 Be6 20. Qc5 ({Of course not} 20. Rxd8 Bxc4 21. Rxf8+ Rxf8 $11) 20... Nd7 21. Qa3 Re8 22. Bc5 Nc6 23. Nf5 Rb8 24. Bf1 Qc8 25. Be3 Nf6 26. Qc5 Bxf5 27. exf5 (27. Qxc6 Bxe4 28. Qxa6 Qf5 $11) 27... Ne7 28. Ra4 Nxf5 29. Bh3 {[#]} (29. Rb4 $11 {remains equal.}) 29... Rb5 (29... Qb7 $1 $17 30. Bxf5 Qf3) 30. Qc6 e4 (30... Qe6 $11 31. Qxe6 fxe6) 31. Rc4 Rd8 $36 {[%mdl 2048] Black is more active.} 32. Ra1 (32. Rf1 $11) 32... Rbd5 33. Qxc7 $2 {[%mdl 8192]} (33. Rf1 $15) 33... Rd1+ $19 {Black is clearly winning.} 34. Rxd1 Rxd1+ 35. Bf1 Qxc7 36. Rxc7 Nxe3 37. fxe3 {[%mdl 4096] Endgame KRB-KRN} Ng4 38. h3 Nxe3 39. Kf2 {[#] Threatens to win with Be2.} Nxf1 40. g4 Ra1 41. Rd7 e3+ 42. Ke2 Nd2 {Accuracy: White = 48%, Black = 54%.} 0-1

[Event "3rd Memorial Warakomska 2019"]
[Site "Suwalki"]
[Date "2019.08.05"]
[Round "1.19"]
[White "Galperin, Platon"]
[Black "Bukojemski, Adam"]
[Result "1-0"]
[WhiteElo "2445"]
[BlackElo "2225"]
[Annotator "TA"]
[PlyCount "61"]
[EventDate "2019.08.05"]
[EventType "swiss"]
[EventCountry "POL"]
[SourceTitle "playchess.com"]
[Source "ChessBase"]
[SourceQuality "1"]

{[%evp 11,61,20,16,0,0,0,0,-8,2,10,22,22,46,37,100,91,103,98,132,145,145,154,164,135,144,127,169,91,363,349,355,287,256,233,672,649,726,720,709,716,806,809,1189,807,842,831,801,589,580,582,579,573]} 1. c4 Nf6 2. Nc3 e5 3. Nf3 Nc6 4. e3 Bb4 5. Qc2 O-O 6. Nd5 Re8 7. Ng5 {A28: English Opening: Four Knights Variation} (7. Qf5 Be7 8. Nxe5 Nb4 9. Nxb4 Bxb4 10. Nf3 d5 11. Qd3 Bf8 12. Be2 c5 13. O-O b6 14. b3 Bb7 15. Bb2 {½-½ (27) So,W (2776)-Melkumyan,H (2660) Douglas 2018}) 7... g6 $1 {Hoping for ...Nxd5.} 8. h4 Bf8 9. a3 {The position is equal.} h6 10. Nxf6+ Qxf6 11. Ne4 Qg7 $146 ({Predecessor:} 11... Qe6 12. h5 g5 13. c5 d5 14. cxd6 cxd6 {½-½ (59) Harika,D (2504)-Kosteniuk,A (2557) Huaian 2017}) 12. h5 f5 ({Black should play} 12... g5 $14) 13. Nc3 $16 d6 14. hxg6 Be6 15. b3 Ne7 16. Bb2 c6 17. O-O-O b5 18. f4 ({Don't do} 18. cxb5 $6 Rec8 $14) 18... bxc4 19. bxc4 ({Better is} 19. Bxc4 $18 d5 20. Bd3) 19... Nxg6 $2 {[%mdl 8192] [#]} (19... Rab8 $16 {was called for.}) 20. g4 $1 $18 {[%cal Rg4f5][%mdl 512]} Qf7 (20... fxg4 21. f5) 21. gxf5 Bxf5 22. Bd3 e4 $2 (22... Bxd3 23. Qxd3 exf4) 23. Nxe4 {Black must now prevent Nf6+.White is clearly winning.} Bg7 24. Nxd6 Bxd3 25. Qxd3 ({Less strong is} 25. Nxf7 Bxc2 26. Nxh6+ Bxh6 $16) 25... Bxb2+ 26. Kc2 Qf6 27. Nxe8 Rxe8 28. Rxh6 Kg7 {[#]} 29. Qxg6+ $1 {[%mdl 512]} Qxg6+ 30. Rxg6+ Kxg6 31. Kxb2 {Accuracy: White = 69%, Black = 33%.} 1-0